| Поле | Название | Значение |
| |
Тип записи |
i |
| |
Библиографический уровень |
m |
| 001 |
Контрольный номер |
RU/IS/BASE/418312761 |
| 005 |
Дата корректировки |
20250218122204.2 |
| 010 |
Индекс ISBN |
__ |
| d |
Цена |
413-10 |
| 101 |
Язык документа |
1_ |
| a |
Язык текста |
rus |
| c |
Язык оригинала |
eng |
| 200 |
Заглавие и сведения об ответственности |
1_ |
| a |
Заглавие |
Интриганка |
| e |
Сведения, относящиеся к заглавию |
[аудиокнига : роман] |
| f |
Первые сведения об ответственности |
Сидни Шелдон ; [читает Заслуж. артистка России Наталия Литвинова] |
| b |
Общее обозначение материала |
Звукозапись |
| 210 |
Выходные данные |
1_ |
| a |
Место издания |
М. |
| c |
Издательство |
Аудиокнига |
| d |
Дата издания |
2012 |
| 215 |
Физическое описание |
__ |
| a |
Объем |
2 электрон. опт. диска (Audio CD) (22 ч.) |
| 225 |
Серия |
2_ |
| a |
Серия |
Бестселлер |
| 300 |
Общие примечания |
__ |
| a |
Общие примечания |
128 kbps ; CD-плеер с поддержкой MP3 или Pentium-233 с Windows 9x-XP ; CD-ROM ; звуковая карта |
| 323 |
Примечание о главных создателях, исполнителях, участниках |
__ |
| a |
Примечание о главных создателях, исполнителях, участниках |
Литвинова, Н. (читает) |
| 330 |
Аннотация |
__ |
| a |
Аннотация |
Она - сильная женщина. Женщина, которая привыкла добиваться абсолютно всего - денег, положения в обществе, власти… И ей сопутствует удача. Но сумеет ли она стать счастливой? Ведь истинная любовь не продается и не покупается, настоящего счастья не достигают хитростью и шантажом… |
| 333 |
Примечание о целевом назначении |
__ |
| a |
Примечание о целевом назначении |
16+. Для детей старше 16 лет |
| 606 |
Тематические рубрики |
__ |
| a |
Основная рубрика |
Художественная литература |
| 606 |
Тематические рубрики |
__ |
| a |
Основная рубрика |
Литература Америки (произведения) |
| z |
Хронологическая подрубрика |
20 в. |
| y |
Географическая подрубрика |
США |
| 610 |
Ключевые слова |
0_ |
| a |
Ключевые слова |
зарубежная литература; иностранная литература; американская литература; романы; детективные романы; остросюжетные романы; тема любви; тема интриг; тема приключений; тема женщины; бестселлеры |
| 686 |
Индексы других классификаций |
__ |
| a |
Классификационный индекс |
84(7Сое)6-4я04 |
| 700 |
Автор |
_1 |
| a |
Фамилия |
Шелдон |
| b |
Имя |
С. |
| g |
Полное личное имя |
Сидни |
| 4 |
Код отношения |
070 |
| 801 |
Источник записи |
_0 |
| a |
Страна |
RU |
| b |
Организация |
Муниципальное бюджетное учреждение культуры "Централизованная библиотечная система" г. Сургут (Центральная городская библиотека им. А. С. Пушкина) |
| g |
Правила каталогизации |
КиК/Апакова |
| 801 |
Источник записи |
_1 |
| a |
Страна |
RU |
| b |
Организация |
Муниципальное бюджетное учреждение культуры "Централизованная библиотечная система" г. Сургут (Центральная городская библиотека им. А. С. Пушкина) |
| g |
Правила каталогизации |
КиК/Апакова |
| 852 |
Данные о местонахождении |
__ |
| j |
Шифр хранения |
84(7Сое)6-4я04 |
| i |
Авторский знак |
Ш 42 |
| 901 |
Тип документа |
__ |
| t |
Тип документа |
0 |
| 903 |
Характеристики (МАРС) |
__ |
| a |
Дата передачи |
20130403 |
| 969 |
Тип издания |
__ |
| a |
Тип издания |
аудиокнига; издание для слепых |
| 990 |
Данные о заказе (DOS) |
__ |
| j |
Количество экземпляров (DOS) |
5 |
| h |
N записи в КСУ для Б/У (DOS) |
201304 |